Organic farming under the green spotlight (Record no. 78605)

MARC details
000 -LEADER
fixed length control field 00902cab a22001935a 4500
001 - CONTROL NUMBER
control field L137449
008 - FIXED-LENGTH DATA ELEMENTS--GENERAL INFORMATION
fixed length control field 070405s2007 xxkdo f 000 0 eng d
035 ## - SYSTEM CONTROL NUMBER
System control number (Sirsi) u137449
041 0# - LANGUAGE CODE
Language code of text/sound track or separate title eng
100 1# - MAIN ENTRY--PERSONAL NAME
Personal name Gill, Erin
245 00 - TITLE STATEMENT
Title Organic farming under the green spotlight
260 ## - PUBLICATION, DISTRIBUTION, ETC.
Date of publication, distribution, etc. 2007
490 ## - SERIES STATEMENT
Series statement ENDS Report
Volume/sequential designation (386) March 2007, 34-38(5)
520 ## - SUMMARY, ETC.
Summary, etc. UK consumption of organic food has risen ten-fold over the past decade, fuelled by perceived health benefits; environmental considerations have been a secondary influence on the market. With supermarkets now investigating the climate change impacts of food, this article looks at the implications for British agriculture and the complexity of comparing the impacts of different production systems.
590 ## - LOCAL NOTE (RLIN)
Local note KA
651 #4 - SUBJECT ADDED ENTRY--GEOGRAPHIC NAME
Geographic name United Kingdom
Chronological subdivision
690 ## - LOCAL SUBJECT ADDED ENTRY--TOPICAL TERM (OCLC, RLIN)
Topical term or geographic name as entry element ENVIRONMENTAL AND LAND CONSULTANCY-AGRIBUSINESS-AGRICULTURE
942 ## - ADDED ENTRY ELEMENTS (KOHA)
Suppress in OPAC 0
Holdings
Withdrawn status Lost status Source of classification or shelving scheme Damaged status Not for loan Home library Current library Shelving location Date acquired Total Checkouts Full call number Barcode Date last seen Copy number Price effective from Koha item type
    Dewey Decimal Classification     London London Journal article 05/04/2007   L137449 137449-1001 06/08/2019 1 06/08/2019 Journal article